| 000 | 00484nam a2200145 a 4500 | ||
|---|---|---|---|
| 001 | 000031536 | ||
| 005 | 20200930063011.0 | ||
| 008 | 110627s1997 dr 000 0 spa d | ||
| 040 |
_aDO-SdBNP _bspa _cBNPHU |
||
| 110 | 1 |
_aRepública Dominicana _bSuprema Corte de Justicia _bPoder Judicial _957902 |
|
| 245 | 1 | 4 | _aLos jueces de la Suprema Corte de Justicia 1997. |
| 260 |
_aSanto Domingo : _bSuprema Corte de Justicia, _c1997. |
||
| 300 |
_a67 p. : _bil., retrs. ; _c30 cm. |
||
| 049 | _aBNPD | ||
| 999 |
_c31028 _d31028 |
||